|
|
|
|
| LEADER |
02370nam a2200637 i 4500 |
| 001 |
nkc20183051173 |
| 003 |
CZ PrNK |
| 005 |
20200207100705.0 |
| 007 |
ta |
| 008 |
181109s2019 xr a e 000 0acze |
| 015 |
|
|
|a cnb003051173
|
| 020 |
|
|
|a 978-80-270-5085-7
|q (brožováno)
|
| 035 |
|
|
|a (OCoLC)1143837938
|
| 040 |
|
|
|a OLA001
|b cze
|e rda
|
| 043 |
|
|
|a e-xr---
|a a-np---
|
| 045 |
|
|
|a y-y-
|
| 072 |
|
7 |
|a 913(5)
|x Geografie Asie, reálie, cestování
|2 Konspekt
|9 7
|
| 072 |
|
7 |
|a 929
|x Biografie
|2 Konspekt
|9 8
|
| 080 |
|
|
|a 658.114-055.2
|2 MRF
|
| 080 |
|
|
|a 910.4
|2 MRF
|
| 080 |
|
|
|a 394
|2 MRF
|
| 080 |
|
|
|a 929
|2 MRF
|
| 080 |
|
|
|a (437.3)
|2 MRF
|
| 080 |
|
|
|a (541.35)
|2 MRF
|
| 080 |
|
|
|a (0:82-992)
|2 MRF
|
| 080 |
|
|
|a (0:82-94)
|2 MRF
|
| 080 |
|
|
|a (084.12)
|2 MRF
|
| 100 |
1 |
|
|a Gautam, Michaela,
|d 1987-
|7 mzk20181010359
|4 aut
|
| 245 |
1 |
0 |
|a Mé nepálské lásky v obrazech /
|c Michaela Gautam ; fotografie Nikol Drobná
|
| 264 |
|
1 |
|a [Praha] :
|b Michaela Gautam,
|c 2019
|
| 300 |
|
|
|a 269 nečíslovaných stran :
|b ilustrace (převážně barevné) ;
|c 16 x 22 cm
|
| 336 |
|
|
|a text
|b txt
|2 rdacontent
|
| 336 |
|
|
|a statický obraz
|b sti
|2 rdacontent
|
| 337 |
|
|
|a bez média
|b n
|2 rdamedia
|
| 338 |
|
|
|a svazek
|b nc
|2 rdacarrier
|
| 600 |
1 |
7 |
|a Gautam, Michaela,
|d 1987-
|7 mzk20181010359
|2 czenas
|
| 648 |
|
7 |
|a 20.-21. století
|7 ch462155
|2 czenas
|
| 648 |
|
7 |
|a 21. století
|7 ch460559
|2 czenas
|
| 650 |
0 |
7 |
|a podnikatelky
|7 ph115869
|z Česko
|y 20.-21. století
|2 czenas
|
| 650 |
0 |
7 |
|a cesty a pobyt
|7 ph137578
|z Nepál
|y 21. století
|2 czenas
|
| 650 |
0 |
7 |
|a každodenní život
|7 ph121555
|z Nepál
|y 21. století
|2 czenas
|
| 650 |
0 |
9 |
|a businesswomen
|z Czechia
|y 20th-21st centuries
|2 eczenas
|
| 650 |
0 |
9 |
|a voyages and travels
|z Nepal
|y 21st century
|2 eczenas
|
| 650 |
0 |
9 |
|a everyday life
|z Nepal
|y 21st century
|2 eczenas
|
| 655 |
|
7 |
|a cestopisy
|7 fd131956
|2 czenas
|
| 655 |
|
7 |
|a autobiografické vzpomínky
|7 fd131854
|2 czenas
|
| 655 |
|
7 |
|a fotografické publikace
|7 fd132276
|2 czenas
|
| 655 |
|
9 |
|a books of travels
|2 eczenas
|
| 655 |
|
9 |
|a autobiographical reminiscences
|2 eczenas
|
| 655 |
|
9 |
|a photographical works
|2 eczenas
|
| 700 |
1 |
|
|a Drobná, Nikol
|7 ola20191060051
|4 pht
|
| 910 |
2 |
|
|a BOA001
|b 2-1438.696
|
| 990 |
|
|
|a BK
|
| 995 |
|
|
|a 01
|
| 991 |
|
|
|b 201912
|c NOV
|
| 996 |
6 |
|
|b 2610808649
|c 2-1438.696
|l MZK
|r Sklad / do 1 hodiny
|n 0
|p p.v.
|w 001771472
|u 000010
|a 1
|e BOA001
|j MZK50
|s P
|